| 000 | 00399cam a22001217a 4500 | ||
|---|---|---|---|
| 008 | 180718b1991 xxu||||| |||| 00| 0 eng d | ||
| 082 | _aOx54 G346 | ||
| 245 |
_aHealth implications of public policy: case studies modules, methodology _cedited by Babu Ghosh |
||
| 260 |
_aBangalore _bIndian Institute of Management _c1991 |
||
| 300 | _a385p. | ||
| 650 | _aPublic - Health - India | ||
| 700 | _aGhosh, Babu | ||
| 999 |
_c476731 _d476731 |
||